000 00284nam a22001217a 4500
041 _aENG
100 _aRemson.I
245 _aNumerical Metods In Subsurface Hydrology
260 _aDelhi
_bStanford University
_c1971
300 _a388
650 _aSWCE ( 06 )
856 _uSWCE ( 06 )
999 _c2951
_d2951